000 00472cam a22001931 4500
001 sa 64004955
003 DLC
005 20260227112029.0
008 840418s1963 xx 000 0 beno
010 _asa 64004955
035 _a(OCoLC)16763174
040 _aDLC
_cOrPS
_dDLC
042 _apremarc
050 0 0 _aPK1718.B39
_bS3
100 1 _aBasu, Samareśa,
_d1924-1988.
245 1 0 _aŚālagherira sīmānāẏa.
260 _c[1963/64]
300 _a330 p.
_c23 cm.
999 _c58846
_d58846